| 000 | 01060nac a22003497a 4500 | ||
|---|---|---|---|
| 001 | BR0302966 | ||
| 003 | BR-BrBNA | ||
| 005 | 20240105122826.0 | ||
| 008 | 230509b bl.|||m| |||| 00| 0 por d | ||
| 040 |
_aBR-BrBNA _bpor _cBiblioteca Nacional de Agricultura |
||
| 072 | _aF62; F60 | ||
| 090 | _a1930 BR0302966 | ||
| 100 | 1 | _aLeite, G.G. | |
| 100 | 1 | _aSilveira, L.F. da | |
| 100 | 1 | _aFernandes, F.;D. | |
| 100 | 1 | _aGomes, A.C. | |
| 110 | 1 | _aEMBRAPA Cerrados, Planaltina, DF (Brasil) | |
| 245 | 1 | _aCrescimento e composição química do capim Paspalum atratum cv. Pojuca | |
| 260 | 3 |
_aPlanaltina, DF (Brasil): _c2001. |
|
| 300 | _a22 p. | ||
| 490 |
_aBoletim de Pesquisa e Desenvolvimento - EMBRAPA Cerrados (Brazil) _vno.19 _xISSN 1676-918X |
||
| 500 | _a40 ref. | ||
| 650 | _aCAPIM | ||
| 650 | _aGRAMÍNEA FORRAGEIRA | ||
| 650 | _aCRESCIMENTO | ||
| 650 | _aCOMPOSIÇÃO QUÍMICA | ||
| 650 | _aFORRAGEM | ||
| 650 | _aMATÉRIA SECA | ||
| 650 | _aQUALIDADE | ||
| 909 |
_a202312 _bLúcia Elande _c55 _dLúcia Elande |
||
| 942 |
_2AGRIS _n0 _cMS |
||
| 999 |
_c292966 _d292966 |
||